000 00644nam a22002052 4500
001 0000006280
005 20151217145831.0
008 071011s xx 000 0 eng d
020 _a813150123x :
_cKES 3600
040 _aKABU
_cKABU
100 1 _aSchwalbe, Kathy.
_@0000157691
245 1 0 _aInformation technology project management /
_cKathy Schwalbe.
250 _a4th ed.
260 _aNew Delhi :
_bThomson Course Technology,
_c2006.
300 _axxvi, 496 p. +
_e3 cd-rom.
650 0 _aInformation technology
_xManagement.
_@0000150506
908 _a071011
950 _@1
999 _c3087
_d3087